LIBRARY & INFORMATION CENTRE, KCAET, TAVANUR

ONLINE PUBLIC ACCESS CATALOGUE (OPAC)

optimization in operations Research / (Record no. 12382)

MARC details
000 -LEADER
fixed length control field 00480cam a2200181ua 4500
020 ## - INTERNATIONAL STANDARD BOOK NUMBER
ISBN 9788178086712
041 ## - LANGUAGE CODE
Language code of text/sound track or separate title eng
082 ## - DEWEY DECIMAL CLASSIFICATION NUMBER
Classification number 658.4034
Item number RAR/OP
100 ## - MAIN ENTRY--AUTHOR NAME
Personal name Ronald, L. Rardin .
245 ## - TITLE STATEMENT
Title optimization in operations Research /
250 ## - EDITION STATEMENT
Edition statement 2 /
260 ## - PUBLICATION, DISTRIBUTION, ETC. (IMPRINT)
Place of publication :
Name of publisher Pearson Education Asia ,
Year of publication 2002.
300 ## - PHYSICAL DESCRIPTION
Number of Pages 919 ; .
942 ## - ADDED ENTRY ELEMENTS (KOHA)
Koha item type Books
Holdings
Withdrawn status Lost status Damaged status Home library Current library Date acquired Full call number Accession Number Koha item type
      KAUAET KAUAET 07/04/2012 658.4034 RAR/OP 20972 Books
free website counter